Psychoanalytic inquiry

Detalles Bibliográficos
Formato: Electrónico Revista
Lenguaje:inglés
Publicado: New York, N.Y. : International Universities Press
Materias:
Acceso en línea:Full text available from Research Library: 01/01/2004 to 07/31/2009

MARC

LEADER 00000nas a2200000 a 4500
001 ssj0008338
003 WaSeSS
005 20200512172242.0
006 m d
007 cr n
008 030113c19819999pauqx pss 0 a0eng c
010 |a  2007216485 
015 |a GBB038901  |2 bnb 
016 7 |a 015324988  |2 Uk 
022 |a 1940-9133  |l 0735-1690  |y 0735-1690 
030 |a PSYIDW 
035 |a (WaSeSS)ssj0008338 
037 |b Taylor & Francis, 325 Chestnut St., Ste 800, Philadelphia, PA 19106  |c $360.00 
040 |a HUA  |b eng  |e pn  |c HUA  |d OCLCQ  |d MUQ  |d NSD  |d SBH  |d DLC  |d OCLCQ  |d UKMGB  |d OCLCQ  |d OCLCF  |d CHVBK  |d OCLCO  |d VT2  |d OCLCQ  |d OCLCO  |d NLE  |d APUMS  |d U3W  |d DLC  |d OCLCO  |d AU@  |d OCLCO  |d WYU  |d OCLCO  |d AUD  |d CASUM  |d WaSeSS 
042 |a pcc  |a nsdp 
050 0 0 |a BF173.A2 
050 1 4 |a RC500 
060 0 0 |a W1  |b PS427 
082 1 0 |a 616.89  |2 14 
130 0 |a Psychoanalytic inquiry (Online) 
210 0 |a Psychoanal. inq.  |b (Online) 
222 0 |a Psychoanalytic inquiry  |b (Online) 
245 1 0 |a Psychoanalytic inquiry  |h [electronic resource]. 
260 |a New York, N.Y. :  |b International Universities Press 
310 |a Five no. a year,  |b <2008-> 
362 1 |a Print began with vol. 1, no. 1 (1981). 
500 |a Published: Hillsdale, NJ : The Analytic Press, <v. 11, no. 4->; Philadelphia : Routledge, Taylor & Francis Group, 2008- 
506 |a License restrictions may limit access. 
538 |a Mode of access: World Wide Web. 
588 |a Description based on print version record. 
588 |a Latest issue consulted: Vol. 37, issue 2 (Feb. 2017) (Taylor & Frances). 
650 0 |a Psychoanalysis  |v Periodicals. 
650 6 |a Psychanalyse  |v Périodiques. 
650 7 |a Psychoanalysis.  |2 fast  |0 (OCoLC)fst01081235 
650 2 |a Psychoanalysis  |v Periodicals. 
655 0 |a Electronic journals. 
776 0 8 |i Print version:  |t Psychoanalytic inquiry  |x 0735-1690  |w (DLC) 82645950  |w (OCoLC)7968797 
850 |a DLC 
856 4 0 |z Full text available from Research Library: 01/01/2004 to 07/31/2009  |u https://search.proquest.com/publication/36979